Family Guy character by actor Quiz Stats

 Plays Quiz not verified by Sporcle

Also try: Television Bunker
Challenge
Share
Tweet
Embed
Score 0/20 Timer 05:00
0 Plays Today
Character Actor % Correct
Chris GriffinSeth Green
82.8%
Meg GriffinMila Kunis
82.8%
Peter GriffinSeth MacFarlane
75.9%
Stewie GriffinSeth MacFarlane
69%
Mayor WestAdam West
69%
Brian GriffinSeth MacFarlane
65.5%
Glenn QuagmireSeth MacFarlane
65.5%
Lois GriffinAlex Borstein
58.6%
Cleveland BrownMike Henry
58.6%
Tom TuckerSeth MacFarlane
58.6%
Character Actor % Correct
BruceMike Henry
48.3%
Jillian RussellDrew Barrymore
48.3%
HerbertMike Henry
48.3%
Tricia TakanawaAlex Borstein
44.8%
Joe SwansonPatrick Warburton
44.8%
Bonnie SwansonJennifer Tilly
44.8%
Tricia TakanawaAlex Borstein
41.4%
Bill ClintonSeth MacFarlane
41.4%
Neil GoldmanSeth Green
41.4%
Loretta BrownAlex Borstein
37.9%

You're not logged in!

Compare scores with friends on all Sporcle quizzes.
Join for Free
OR
Log In

You Might Also Like...

Show Comments

Extras

Top Quizzes Today


Score Distribution

Your Account Isn't Verified!

In order to create a playlist on Sporcle, you need to verify the email address you used during registration. Go to your Sporcle Settings to finish the process.

Report this User

Report this user for behavior that violates our Community Guidelines.

Details: